000 00853cam a2200217 4500
001 WB3725-31
008 000000n2001 000 0 eng u
035 _a(Sirsi) u113282
245 _aNew rate relief cold shoulder
260 _c2001
490 _aFarmers Guardian
_v22 June 2001, 22(1)
520 _aThe CLA warns that many farm diversification projects will not be eligible for rate relief under the Rating (Former Agricultural Premises and Rural Shops) Act 2001. The relief will only be granted on property with a rateable value of up to £6,000 which means new business ventures may miss out.
590 _aWB
650 _aDIVERSIFICATION
650 _aRURAL BUSINESSES
650 _aRATE RELIEF
650 _aRATING (FORMER AGRICULTURAL PREMISES AND RURAL SHOPS) ACT 2001
650 _aCLA
690 _aRural
_96268
942 _n0
999 _c67483
_d67483